Statistiques concernant Pokémon de 300,0 kg ou plus

Cliquez ici pour prendre le quiz!

Statistiques générales

  • Ce quiz a été pris 242 fois
    (25 depuis la dernière actualisation)
  • Le résultat moyen est 39 sur 70

Statistiques - réponses

Poids (en kg)Pokémon% Correct
683,0Dialga (Forme normale)
85%
848,7Dialga (Forme Originelle)
85%
950,0Groudon
85%
999,7Primo-Groudon
85%
999,9Cosmovum
80%
750,0Giratina (Forme Alternative)
80%
650,0Giratina (Forme Originelle)
80%
392,0Méga-Rayquaza
80%
336,0Palkia (Forme normale)
80%
659,0Palkia (Forme Originelle)
80%
330,0Reshiram
80%
320,0Arceus
75%
999,9Bamboiselle
75%
430,0Heatran
75%
352,0Kyogre
75%
325,0Kyurem
75%
325,0Kyurem Blanc
75%
325,0Kyurem Noir
75%
740,0Méga-Steelix
75%
430,0Primo-Kyogre
75%
400,0Steelix
75%
345,0Zekrom
75%
950,0Éthernatos
70%
360,0Galeking
70%
395,0Méga-Galeking
70%
460,0Ronflex
70%
942,9Méga-Métalosse
65%
550,0Métalosse
65%
420,0Regigigas
65%
355,0Zacian (Forme Épée Suprême)
65%
785,0Zamazenta (Forme Bouclier Suprême)
65%
305,0Zygarde (50%)
65%
610,0Zygarde (Forme Parfaite)
65%
300,0Grolem
60%
316,0Grolem d'Alola
60%
305,0Méga-Léviator
60%
350,0Necrozma (Ailes de l'Aurore)
60%
460,0Necrozma (Crinière du Couchant)
60%
820,0Ama-Ama
55%
303,0Koraidon
55%
340,0Tarinorme
55%
398,0Wailord
55%
490,0Hoopa (Déchaîné)
50%
334,1Muplodocus de Hisui
50%
888,0Engloutyran
45%
330,0Golemastoc
45%
333,6Mouscoto
45%
920,0Bourrinos
40%
320,0Fort-Ivoire
40%
300,0Hippodocus
40%
650,0Pachyradjah
40%
303,0Épine-de-Fer
35%
590,0Feu-Perçant
35%
480,0Ire-Foudre
35%
380,7Paume-de-Fer
35%
505,0Séracrawl
35%
310,0Torterra
35%
350,2Méga-Oniglali
30%
800,0Melmetal
30%
809,1Sylveroy (Cavalier du Froid)
30%
800,0Blizzeval
25%
699,7Dinglu
25%
320,5Méga-Camérupt
25%
415,6Noadkoko d'Alola
25%
380,0Rugit-Lune
25%
310,5Monthracite
20%
520,0Dolman
15%
326,5Flâmigator
10%
700,0Balbalèze
5%
310,0Ferdeter
5%

Distribution des résultats

Percentile par nombre de réponses

% des personnes avec chaque résultat

Votre développement - résultats

Vous n’avez pas pris ce quiz depuis la dernière actualisation